Statistiques concernant Youtubers Francais

Cliquez ici pour prendre le quiz!

Statistiques générales

  • Ce quiz a été pris 523 fois
  • Le résultat moyen est 7 sur 15

Statistiques - réponses

HintRéponse% Correct
1Squeezie
96%
2Cyprien
94%
3Norman
85%
13Natoo
72%
8Amixem
61%
10McFly et Carlito
57%
6Tibo In Shape
56%
9Mister V
38%
12Le Rire Jaune
32%
4Rémi Gaillard
28%
7Lama Faché
25%
5Bigorneaux et Coquillages
13%
15Cyril.mp4
8%
14Brico Sympa
4%
11Oggy et les Cafards
0%

Distribution des résultats

Percentile par nombre de réponses

% des personnes avec chaque résultat

Votre développement - résultats

Vous n’avez pas pris ce quiz